000 00529cam a22001577a 4500
008 180718b1988 xxu||||| |||| 00| 0 eng d
082 _aT448x561 In8
100 _aAnand, Ritu
245 _aExternal balance, fiscal policy, and growth in Turkey
_cBy Ritu Anand, Ajay Chhibber and Sweder Van Wijnbergen
260 _aWashington, D.C.
_bIBRD
_c1988
300 _a48p.
440 _aPolicy, Planning and Research Working Papers
650 _aForeign Credit - Turkey
700 _aWijnbergen, Sweder Van
700 _aChhibber, Ajay
999 _c225380
_d225380